| 000 | 01538pam a2200397 c 4500 | ||
|---|---|---|---|
| 999 |
_c60980 _d60980 |
||
| 001 | 1028012985 | ||
| 003 | DE-101 | ||
| 005 | 20201124121744.0 | ||
| 007 | tu | ||
| 008 | 121120s2012 gw ||||| |||| 00||||ger | ||
| 015 |
_a13,A31 _z12,N48 _2dnb |
||
| 016 | 7 |
_2DE-101 _a1028012985 |
|
| 020 |
_a9783939960188 _ckart. : EUR 9.80 (DE), EUR 10.10 (AT), sfr 14.90 (freier Pr.) |
||
| 024 | 3 | _a9783939960188 | |
| 035 | _a(DE-599)DNB1028012985 | ||
| 035 | _a(OCoLC)854919688 | ||
| 040 |
_a1145 _bger _cDE-101 _dSTAFF |
||
| 041 | _ager | ||
| 044 | _cXA-DE-BB | ||
| 082 | 7 | 4 |
_a830 _aB _qDE-101 _222sdnb |
| 090 | _ab | ||
| 100 | 1 |
_0(DE-588)1019869445 _0https://d-nb.info/gnd/1019869445 _0(DE-101)1019869445 _aGlöckner-Neubert, Helga _d1938-2017 _eVerfasser _4aut |
|
| 245 | 1 | 0 |
_aAlle Wege bin ich abgegangen _bGedichte zum Weitertragen, zum Nachdenken und Verschenken ; [Gedichte für dich und mich] _cHelga Glöckner-Neubert |
| 264 | 1 |
_aJacobsdorf _bVerl. Die Furt _aJacobsdorf _bVersos-Verl.-Service _c2012 |
|
| 300 |
_a135 S. _c21 cm, 185 g |
||
| 336 |
_aText _btxt _2rdacontent |
||
| 337 |
_aohne Hilfsmittel zu benutzen _bn _2rdamedia |
||
| 338 |
_aBand _bnc _2rdacarrier |
||
| 653 | _a(Produktform)Paperback / softback | ||
| 653 | _a(Produktform (spezifisch))Unsewn / adhesive bound | ||
| 653 | _a(VLB-WN)2151: Taschenbuch / Belletristik/Lyrik | ||
| 655 | 7 |
_0(DE-101)1010836315 _aLyrik _2gatbeg |
|
| 856 | 4 | 2 |
_mB:DE-101 _qapplication/pdf _uhttps://d-nb.info/1028012985/04 _3Inhaltsverzeichnis |
| 942 |
_2z _cBK |
||